Les femmes savantes

Gespeichert in:
Bibliographische Detailangaben
1. Verfasser: Moliére
Format: Buch
Sprache:Undetermined
Veröffentlicht: París, Francia Larousse 1964
Schlagworte:
Tags: Tag hinzufügen
Keine Tags, Fügen Sie den ersten Tag hinzu!

MARC

LEADER 00000nam a2200000Ia 4500
008 170316s9999 xx 000 0 und d
040 |a cru BVZT 
090 |a 840 M-22f 
100 |a Moliére 
245 |a Les femmes savantes 
260 |a París, Francia 
260 |b Larousse 
260 |c 1964 
300 |a 157 páginas 
650 |a LITERATURA FRANCESA 
999 |c 7822  |d 7822 
942 |c 15 D  |h 840 M-22f  |2 z